Vista normal
Vista MARC
Entrada Personal Name
Número de registros utilizados en: 1
001 - CONTROL NUMBER
- control field: 2687
003 - CONTROL NUMBER IDENTIFIER
- control field: OSt
005 - DATE AND TIME OF LATEST TRANSACTION
- control field: 20131008160749.0
008 - FIXED-LENGTH DATA ELEMENTS
- fixed length control field: 131008|||a|||||| | ||| d
040 ## - CATALOGING SOURCE
- Original cataloging agency: OSt
- Transcribing agency: OSt
100 ## - HEADING--PERSONAL NAME
- Personal name: Ministerio de Salud
670 ## - SOURCE DATA FOUND
- Source citation: Work cat.: (OSt): Ministerio de Salud, Direccion de Atencion Primaria de la Salud, Gobierno de la Provincia de Buenos Aires